Teória hier - softwarové produkty pre podporu rozhodovania diplomová práca

Gespeichert in:
Bibliographische Detailangaben
1. Verfasser: Noskovič, Michal
Körperschaft: Fakulta hospodárskej informatiky EU. Katedra aplikovanej informatiky
Weitere Verfasser: Bednár, Peter
Format: Buch
Sprache:Slowakisch
Veröffentlicht: Bratislava 2011
Tags: Tag hinzufügen
Keine Tags, Fügen Sie das erste Tag hinzu!

MARC

LEADER 00000nbm a2200000 4500
001 0140851
005 20161109101954.9
041 0 |a slo 
044 |a SK 
245 1 0 |a Teória hier - softwarové produkty pre podporu rozhodovania  |b diplomová práca  |c Michal Noskovič ; školiteľ:Peter Bednár 
264 1 |a Bratislava  |c 2011 
300 |a 60 s. 
100 1 |a Noskovič, Michal 
700 1 |a Bednár, Peter 
710 2 |a Fakulta hospodárskej informatiky EU. Katedra aplikovanej informatiky